Estadísticas para Trenes de Renfe

Haz click aquí para intentar la prueba.

Estadísticas generales

  • Esta prueba ha sido intentada 99 veces
  • La puntuación promedio es 7 de 8

Estadísticas de respuestas

Respuesta% Correcto
Civia/465
94%
447
92%
446
88%
450/451
86%
470
86%
448
73%
449
73%
599
70%

Distribución de puntuación

Porcentaje por número respondido

Porcentaje de gente con cada puntuación

Historial de tus puntuaciones

No has intentado esta prueba.